000 00599nam a22001937a 4500
005 20260414150522.0
008 260414b |||||||| |||| 00| 0 eng d
020 _a978-1-25-925147-4
050 _aRC 76 .D44 2015
100 _aLEBLOND, RICHARD F.
245 _aDEGOWIN'S DIAGNOSTIC EXAMINATION.
250 _a10TH
260 _aNEW YORK,
_bMC GRAW HILL EDUCATION,
_c2015
300 _aXXXIV, 851 P, ILL
500 _aINCLUDES INDEX
650 _a1. DIAGNOSIS 2. PHYSICAL EXAMINATION 3. MEDICAL HISTORY TAKING
700 _a BROWN, DONALD D. 2. SUNEJA, MANISH.
942 _2lcc
_cBK
999 _c216954
_d216954